Zlatá klec. Pozlacená /
Fantasy romance je úvodní částí pětidílné série, pro kterou se autorka nechala inspirovat řeckou bájí o králi Midasovi.
Uloženo v:
| Série: | Zlatá klec,
část 1 |
|---|---|
| Hlavní autor: | |
| Další autoři: | |
| Médium: | E-kniha |
| Jazyk: | Czech |
| Vydáno: |
Praha :
Baronet,
2024
|
| Vydání: | 1. vydání |
| Témata: | |
| Příbuzné jednotky: | Z cyklu::
Zlatá klec |
| Tagy: |
Žádné tagy |
| LEADER | 02188nam a2200457 i 4500 | ||
|---|---|---|---|
| 001 | 312456 | ||
| 003 | CZ PrSKC | ||
| 005 | 20260601215723.0 | ||
| 007 | ta | ||
| 008 | 240729s2024 xr g 000 f cze | ||
| 015 | |a cnb003623408 | ||
| 020 | |a 9788026923770 |q (vázáno) | ||
| 035 | |a (OCoLC)1455302149 | ||
| 040 | |a ABG001 |b cze |e rda | ||
| 041 | 1 | |a cze |h eng | |
| 072 | 7 | |a 821.111(73)-3 |x Americká próza |2 Konspekt | |
| 080 | |a 821.111(73)-31 |2 MRF | ||
| 080 | |a (0:82-312.9) |2 MRF | ||
| 100 | 1 | |a Kennedy, Raven |7 xx0312643 |4 aut | |
| 240 | 1 | 0 | |a Gild. |l Česky |
| 245 | 1 | 0 | |a Zlatá klec. |p Pozlacená / |c Raven Kennedy ; z anglického originálu Gild ... přeložila Zuzana Ľalíková |
| 246 | 3 | 0 | |a Pozlacená |
| 250 | |a 1. vydání | ||
| 264 | 1 | |a Praha : |b Baronet, |c 2024 | |
| 300 | |a 340 stran ; |c 21 cm | ||
| 336 | |a text |b txt |2 rdacontent | ||
| 337 | |a bez média |b n |2 rdamedia | ||
| 338 | |a svazek |b nc |2 rdacarrier | ||
| 520 | 2 | |a Fantasy romance je úvodní částí pětidílné série, pro kterou se autorka nechala inspirovat řeckou bájí o králi Midasovi. |b Auren, nová favoritka krále Midase, je zahalena přepychem a ochranou mocného vládce. Z původního předvědčení o jeho citech je vržena do kruté reality. Je pouhou loutkou v panovníkových mocenských hrách. Záleží jen na ní, jestli dokáže obrátit tuto nechutnou hru ve svůj prospěch. | |
| 655 | 7 | |a americké romány |7 fd131796 |2 czenas | |
| 655 | 7 | |a fantasy romány |7 fd184199 |2 czenas | |
| 655 | 9 | |a American fiction |2 eczenas | |
| 655 | 9 | |a fantasy novels |2 eczenas | |
| 700 | 1 | |a Ľalíková, Zuzana, |d 1987- |7 xx0144546 |4 trl | |
| 787 | 0 | 8 | |i Z cyklu: |t Zlatá klec |g 1 |
| 900 | |a ABA001 |b 21 | ||
| 928 | 9 | |a Albatros Media - Baronet | |
| 044 | |a xr | ||
| 910 | |a RBIT002 | ||
| 998 | |d 407924 |a https://core.palmknihy.cz/api/books/407924/cover?sh7ioz |b https://core.palmknihy.cz/api/books/407924/cover/400?sh7ioz |c https://core.palmknihy.cz/api/books/407924/cover/50?sh7ioz |e 2030-03-06 |g 344 |i 9788026923770 |j https://core.palmknihy.cz/api/books/407924/preview.epub |k https://core.palmknihy.cz/api/books/407924/preview.pdf |l |q 49 |r 1 |s https://www.palmknihy.cz/kniha/407924 |t ebook |y 2024 |z 0 | ||
| 999 | |d 312454 | ||